00366nam a2200133 a 45000010010000000030011000100080041000210350026000620820014000881000020001022450044001222600052001666500014002180000-8704ELIB.Books110520 1966  a(ELIB.Books)0000-8850 a251 bAus aAustin, William aThe Zondervan Pastor's Annual for 1967. bGrand Rapids: Zondervan Publishing House c1966 aPreaching